Los siete maestros taoístas: Novela tradicional china

Guardado en:
Bibliografiske detaljer
Hovedforfatter: Wong, Eva
Format: Bog
Sprog:Spanish
Udgivet: Madrid, España Neoperson Ediciones 2000
Fag:
Tags: Tilføj Tag
Ingen Tags, Vær først til at tagge denne postø!

MARC

LEADER 00000nam a22000007a 4500
008 181115b xxu||||| |||| 00| 0 spa d
040 |a cru BVZT 
090 |a 895-Ch W-1s 
100 |a Wong, Eva 
245 |a Los siete maestros taoístas: Novela tradicional china  |c Eva Wong; Lasaleta, Rafael, traductor 
260 |a Madrid, España   |b Neoperson Ediciones  |c 2000 
300 |a 220 páginas 
650 |a LITERATURA CHINA 
650 |a NOVELA  |9 13 
999 |c 30658  |d 30658 
942 |c LIB  |h 895-Ch W-1s  |2 z